00521nam a22001457a 4500999001900000003000500019038001200024082001600036100007900052245003000131260009000161300001600251942001200267952009600279 c528297d528297NUST amsohail a628.95bAAS a American Association of State Highway and Transportation Officials920005 aGuides for Bicycle Routes aWashingtonb American Association of State Highway and Transportation Officialsc1974 a45,p:c25cm 2ddccBK 00102ddc4070aNITbNITd2019-09-05l0o628.95 AASpNIT-10352r2019-09-05w2019-09-05yBK